Diagnóstico para la instalación de centros de acopio (Record no. 182516)
[ view plain ]
| 000 -CABECERA | |
|---|---|
| campo de control de longitud fija | 00462nam a2200121Ia 4500 |
| 001 - NÚMERO DE CONTROL | |
| campo de control | IA_3220,17/06/2005,03/12/2012,0000001984 mx 0000000000spa00," |
| 008 - DATOS DE LONGITUD FIJA--INFORMACIÓN GENERAL | |
| campo de control de longitud fija | 220117s xx 000 0 und d |
| 010 ## - NÚMERO DE CONTROL DE LA BIBLIOTECA DEL CONGRESO | |
| Número de control de LC | 182516 |
| 090 ## - LOCALMENTE ASIGNADO TIPO-LC NÚMERO DE CLASIFICACIÓN (OCLC); NÚMERO DE CLASIFICACIÓN LOCAL (RLIN) | |
| Número de clasificación (OCLC) (R) ; Numero de clasificación, CALL (RLIN) (NR) | FOLLETO 2305 |
| 100 ## - ENTRADA PRINCIPAL--NOMBRE DE PERSONA | |
| Nombre de persona | Sistema Nacional para el Abasto. México |
| 9 (RLIN) | 147856 |
| 110 ## - ENTRADA PRINCIPAL--NOMBRE DE ENTIDAD CORPORATIVA | |
| Nombre de entidad corporativa o nombre de jurisdicción como elemento de entrada | MÉXICO. SISTEMA NACIONAL PARA EL ABASTO |
| 9 (RLIN) | 154353 |
| 245 ## - MENCIÓN DE TÍTULO | |
| Título | Diagnóstico para la instalación de centros de acopio |
No items available.
